书目信息 |
| 题名: |
贵金属深加工及其应用
|
|
| 作者: | 周全法 主编 | |
| 分册: | ||
| 出版信息: | 北京 化学工业出版社 2002.06 |
|
| 页数: | 293页 | |
| 开本: | 25cm | |
| 丛书名: | ||
| 单 册: | ||
| 中图分类: | TQ , TG146.3 | |
| 科图分类: | ||
| 主题词: | 金属材料 | |
| 电子资源: | ||
| ISBN: | 7-5025-3782-1 | |
| 000 | 00591nam0 2200205 45 | |
| 001 | 0340282733 | |
| 005 | 2003090111112345 | |
| 010 | @a7-5025-3782-1@dCNY 40.00 | |
| 100 | @a20030901d2002 km y0chiy0120 ea | |
| 101 | 0 | @achi |
| 102 | @aCN@b110000 | |
| 200 | 1 | @a贵金属深加工及其应用@AGui Jin Shu Shen Jia Gong Ji Qi Ying Yong@f周全法主编@FZhou Quan Fa Zhu Bian |
| 210 | @a北京@c化学工业出版社@d2002.06 | |
| 215 | @a293页@d25cm | |
| 606 | 0 | @a金属材料 |
| 690 | @aTQ@v3 | |
| 690 | @aTG146.3@v4 | |
| 701 | 0 | @a周全法@AZhou Quan Fa@4主编 |
| 801 | 0 | @aCN@bPFT@c20030901 |
| 905 | @a@dTG146.3@eZ781 | |
| 贵金属深加工及其应用/周全法主编.-北京:化学工业出版社,2002.06 |
| 293页;25cm |
| ISBN 7-5025-3782-1:CNY 40.00 |
| ● |
| 相关链接 |
|
|
|
正题名:贵金属深加工及其应用
索取号:TG146.3/Z781
 
预约/预借
| 序号 | 登录号 | 条形码 | 馆藏地/架位号 | 状态 | 备注 |
| 1 | 372542 | 203725424 | 自科二线504/504自科库 41排1列1层/ [索取号:TG146.3/Z781] | 在馆 | |
| 2 | 372543 | 203725433 | 自科库501/501自科库 25排1列4层/ [索取号:TG146.3/Z781] | 在馆 | |
| 3 | 372544 | 203725442 | 自科库501/501自科库 25排1列4层/ [索取号:TG146.3/Z781] | 在馆 |